| 000 | 00715nam a22001937a 4500 | ||
|---|---|---|---|
| 005 | 20251108165414.0 | ||
| 008 | 250721s9999 xx 000 0 ara d | ||
| 082 | 1 | 4 | _aم/213.3/حنب |
| 100 | 1 | _aإبن حنبل، أبو عبد الله أحمد بن محمد بن هلال الشيباني | |
| 245 | 1 | 0 | _aمسند الإمام أحمد بن حنبل / |
| 246 | 1 | 3 | _aمنتخب كنز العمال في سنن الأقوال و الأفعال |
| 264 | 1 |
_aبيروت : _bدار الفكر، _c[19-]. |
|
| 300 | _a6ج | ||
| 650 | 1 | 7 | _aالإسلام |
| 650 | 1 | 7 | _aالحيث الشريف |
| 700 | 1 | _aالهندي، علاء الدين عبد الملك بن قلضي | |
| 942 |
_2ddc _cREF |
||
| 999 |
_c27131 _d27131 |
||